[Event "AUTO-MASTER-1890"]
[Site "http://www.queenalice.com/game.php?id=1224711"]
[Date "2013.10.15"]
[Round "2"]
[White "meguinho"]
[Black "ezekiel4a21"]
[Result "1-0"]
[WhiteElo "2471"]
[BlackElo "2301"]

1. e4 c5 2. Nf3 d6 3. d4 cxd4 4. Nxd4 Nf6 5. Nc3 a6 6. Bg5 e6 7. f4 h6 8. Bh4
Be7 9. Qf3 e5 10. Nf5 Bxf5 11. exf5 Nbd7 12. O-O-O Qc7 13. g4 O-O-O 14. Kb1 Kb8
15. Bg2 d5 16. Qe2 d4 17. fxe5 dxc3 18. Bg3 Nxe5 19. Bxe5 Bd6 20. Bxc3 Rhe8 21.
Qf3 Re7 22. h4 Rde8 23. Bxf6 gxf6 24. Qxb7+ Qxb7 25. Bxb7 Kxb7 26. Rxd6 Re1+ 27.
Rd1 R1e4 28. a3 R8e7 29. Rd6 Rxg4 30. Rxf6 Rf4 31. h5 a5 32. Rxh6 Rxf5 33. Rh8
Ree5 34. b3 Kc7 35. h6 Rh5 36. Rxh5 Rxh5 37. h7 Kb7 38. Kb2 Rh4 39. Kc3 Rh3+ 40.
Kd4 Rh5 41. c4 Ka7 42. b4 axb4 43. axb4 Rh4+ 44. Kd5 Rh5+ 45. Kc6 Rh6+ 46. Kc7
Rh4 47. c5 1-0

[Event "AUTO-MASTER-1890"]
[Site "http://www.queenalice.com/game.php?id=1254388"]
[Date "2014.2.7"]
[Round "3"]
[White "ezekiel4a21"]
[Black "meguinho"]
[Result "0-1"]
[WhiteElo "2279"]
[BlackElo "2529"]

1. e4 c5 2. Nf3 Nc6 3. Nc3 e6 4. Bb5 Nge7 5. O-O a6 6. Bxc6 Nxc6 7. d4 cxd4 8.
Nxd4 Qc7 9. Nf3 Be7 10. Be3 b5 11. Qd2 O-O 12. Bf4 d6 13. a3 Bb7 14. Rad1 Rad8
15. Ne1 Na5 16. Qc1 Nc4 17. Nf3 Nxa3 18. Rd3 Nc4 19. Re1 Ne5 20. Nxe5 dxe5 21.
Rxd8 Rxd8 22. Bg3 Rc8 23. Re2 b4 24. Na4 Bc6 25. b3 Bxa4 26. bxa4 b3 27. h3 Qc4
28. Kf1 bxc2 29. Bxe5 Qd3 30. Bb2 Bb4 31. f4 Qd1+ 32. Kf2 Rc3 33. Re1 Bc5+ 34.
Kf1 Rf3+ 35. gxf3 Qxf3# 0-1

[Event "AUTO-MASTER-1890"]
[Site "http://www.queenalice.com/game.php?id=1254389"]
[Date "2014.2.7"]
[Round "3"]
[White "meguinho"]
[Black "ezekiel4a21"]
[Result "1-0"]
[WhiteElo "2526"]
[BlackElo "2254"]

1. e4 c5 2. Nf3 d6 3. d4 cxd4 4. Nxd4 Nf6 5. Nc3 a6 6. Bg5 e5 7. Nb3 Be6 8. f4
Be7 9. f5 Bxb3 10. Bxf6 Bxf6 11. axb3 O-O 12. Bc4 Nc6 13. O-O Nd4 14. Nd5 b5 15.
Nxf6+ Qxf6 16. Bd5 Ra7 17. c3 Re8 18. cxd4 exd4 19. Rc1 h6 20. Qd3 Kh7 21. Rfd1
Rae7 22. Rc6 a5 23. Qxd4 Re5 24. Ra6 Qd8 25. Bxf7 Rxe4 26. Bg6+ Kh8 27. Qxe4
Rxe4 28. Raxd6 1-0

[Event "AUTO-MASTER-1890"]
[Site "http://www.queenalice.com/game.php?id=1254390"]
[Date "2014.2.7"]
[Round "3"]
[White "ezekiel4a21"]
[Black "MrGreen"]
[Result "0-1"]
[WhiteElo "2275"]
[BlackElo "2620"]

1. d4 d5 2. Nf3 Bf5 3. Bf4 e6 4. e3 Bd6 5. Bxd6 cxd6 6. Be2 Nc6 7. c3 Nf6 8.
Nbd2 h6 9. O-O O-O 10. h3 Re8 11. a4 Rc8 12. Rc1 Qe7 13. b4 Rc7 14. Qb3 Rec8 15.
c4 dxc4 16. Bxc4 d5 17. Be2 Nxd4 18. Rxc7 Nxe2+ 19. Kh1 Rxc7 20. Re1 Nc1 21. Qa3
Nd3 22. Rf1 a5 23. g4 axb4 24. Qa1 Be4 25. Nxe4 Nxe4 26. Kg2 Rc2 27. Nd4 Qh4 28.
Nxc2 Ndxf2 0-1

[Event "AUTO-MASTER-1890"]
[Site "http://www.queenalice.com/game.php?id=1254391"]
[Date "2014.2.7"]
[Round "3"]
[White "MrGreen"]
[Black "ezekiel4a21"]
[Result "1-0"]
[WhiteElo "2627"]
[BlackElo "2273"]

1. Nf3 d5 2. d4 Nf6 3. Bf4 c6 4. Nc3 Qb6 5. Rb1 Nbd7 6. Qd3 e6 7. e4 Bb4 8. exd5
Nxd5 9. Bd2 Bxc3 10. Bxc3 N7f6 11. Bd2 h6 12. c4 Nb4 13. Qc3 a5 14. a3 Ne4 15.
Qc1 Nxd2 16. Nxd2 Na6 17. c5 Qd8 18. Bxa6 Rxa6 19. Qc3 Qd5 20. O-O O-O 21. Nc4
a4 22. Rfe1 Qg5 23. Rbd1 f6 24. Rd3 Ra8 25. Nb6 Ra6 26. Rg3 Qf4 27. Nxc8 Rxc8
28. Rxe6 Rc7 29. Re8+ Kh7 30. Qd3+ f5 31. Qc4 Rf7 32. h4 Qc7 33. Qe6 g5 34. hxg5
hxg5 35. Rh3+ 1-0

[Event "AUTO-OPEN-3097"]
[Site "http://www.queenalice.com/game.php?id=1256884"]
[Date "2014.2.15"]
[Round "2"]
[White "vivafischer"]
[Black "ezekiel4a21"]
[Result "0-1"]
[WhiteElo "2107"]
[BlackElo "2246"]

1. d4 Nf6 2. c4 e6 3. Nc3 d5 4. cxd5 exd5 5. Bg5 c6 6. e3 Be7 7. Bd3 O-O 8. Qc2
Nbd7 9. Nge2 h6 10. Bh4 Qb6 11. O-O Bd6 12. f3 Re8 13. Bf2 Qc7 14. g3 Nf8 15. e4
dxe4 16. fxe4 Ng4 17. Bc4 Be6 18. Bxe6 Nxe6 19. e5 Bb4 20. a3 Nxf2 21. Rxf2 Bxc3
22. bxc3 Ng5 23. Qf5 Qe7 24. h4 Nh7 25. Raf1 Rf8 26. Nf4 Qxa3 27. Nh5 Kh8 28.
Qg4 g6 29. e6 gxh5 30. Qxh5 Qxc3 31. e7 Qxg3+ 0-1

[Event "AUTO-OPEN-3097"]
[Site "http://www.queenalice.com/game.php?id=1256885"]
[Date "2014.2.15"]
[Round "2"]
[White "ezekiel4a21"]
[Black "vivafischer"]
[Result "1-0"]
[WhiteElo "2238"]
[BlackElo "2090"]

1. e4 e6 2. Nc3 d5 3. d4 Bb4 4. Bd3 dxe4 5. Bxe4 Nf6 6. Bg5 c5 7. Bxf6 Qxf6 8.
Nf3 Nc6 9. Bxc6+ bxc6 10. O-O O-O 11. Ne4 Qf5 12. Nd6 Qd5 13. Nxc8 Raxc8 14. c3
Ba5 15. Re1 cxd4 16. Re5 Qd8 17. cxd4 Bb6 18. Rc1 Qd6 19. Qa4 Rfd8 20. Rd1 c5
21. d5 exd5 22. Rde1 g6 23. Qh4 Kg7 24. Ng5 h6 25. Nxf7 1-0

[Event "AUTO-MASTER-1956"]
[Site "http://www.queenalice.com/game.php?id=1266785"]
[Date "2014.3.21"]
[Round "2"]
[White "ezekiel4a21"]
[Black "Puska"]
[Result "0-1"]
[WhiteElo "2271"]
[BlackElo "2576"]

1. Nf3 Nf6 2. g3 g6 3. Bg2 Bg7 4. O-O O-O 5. d4 d6 6. h3 Nbd7 7. Bg5 Ne4 8. Bf4
e5 9. dxe5 dxe5 10. Be3 Qe7 11. Ne1 Ndf6 12. c4 Nd6 13. Qa4 e4 14. Nc2 Bd7 15.
Qa3 b6 16. Nd2 Rfd8 17. Bf4 Bc6 18. Rad1 Qe8 19. Nd4 Bb7 20. c5 bxc5 21. Qxc5
Nd5 22. N2b3 Nxf4 23. gxf4 Bf8 24. Rc1 Nf5 25. e3 Bxc5 26. Nxc5 Nxd4 27. exd4
Bd5 28. Rfe1 Qc6 29. Nxe4 Qb6 30. Rc5 Bxe4 31. Bxe4 Rxd4 0-1

[Event "AUTO-MASTER-1956"]
[Site "http://www.queenalice.com/game.php?id=1266786"]
[Date "2014.3.21"]
[Round "2"]
[White "Puska"]
[Black "ezekiel4a21"]
[Result "1-0"]
[WhiteElo "2565"]
[BlackElo "2268"]

1. d4 d5 2. c4 c6 3. Nf3 Nf6 4. g3 g6 5. Qb3 Bg7 6. Bg2 dxc4 7. Qxc4 O-O 8. O-O
Be6 9. Qa4 Nbd7 10. Nc3 Nb6 11. Qc2 Nfd5 12. Rd1 Nb4 13. Qb1 N4d5 14. e4 Nxc3
15. bxc3 Na4 16. Qb4 b5 17. Bf4 a5 18. Qa3 Nb6 19. Rab1 Qd7 20. Ng5 Bc4 21. Qb2
e6 22. e5 Na4 23. Qd2 Nb6 24. Ne4 Bd5 25. Bg5 Nc4 26. Qf4 Bxe4 27. Qxe4 Rac8 28.
Qe2 Rfe8 29. h4 h6 30. Bf4 Na3 31. Rb3 Nc4 32. Rbb1 Kh7 33. Be4 Kg8 34. a4 Na3
35. Rb3 Nc4 36. Rdb1 Rb8 37. Bd3 Rbc8 38. axb5 cxb5 39. Rxb5 Na3 40. Rb7 Qd8 41.
R1b3 1-0

[Event "AUTO-OPEN-3097"]
[Site "http://www.queenalice.com/game.php?id=1272183"]
[Date "2014.4.11"]
[Round "3"]
[White "pomar"]
[Black "ezekiel4a21"]
[Result "1-0"]
[WhiteElo "2187"]
[BlackElo "2281"]

1. f3 d5 2. Kf2 Nf6 3. e3 g6 4. c4 Bg7 5. cxd5 Qxd5 6. Nc3 Qa5 7. Qb3 O-O 8. d4
c6 9. Bd2 Qd8 10. g3 a5 11. Bd3 Qc7 12. Nge2 e5 13. Rhc1 Na6 14. Ne4 Be6 15. Qa4
exd4 16. Nxd4 Nxe4+ 17. Bxe4 Bxd4 18. exd4 f5 19. Bxa5 Nc5 20. Bxc7 Nxa4 21. Bb1
Nxb2 22. Be5 Nc4 23. f4 Rfd8 24. a4 Nxe5 25. dxe5 Rd2+ 26. Kg1 Ra5 27. Rc2 Rad5
28. Rca2 Rd1+ 29. Kf2 R5d2+ 30. Rxd2 Rxd2+ 31. Ke3 Rxh2 32. Bd3 Rg2 33. Rb1
Rxg3+ 34. Ke2 Rg2+ 35. Ke3 Ra2 36. Rxb7 Rxa4 37. Rb8+ Kg7 38. Rb7+ Kh6 39. Bc2
Ra3+ 40. Kd4 Rf3 41. Kc5 Rxf4 42. Kd6 Bd5 43. e6 Rd4 44. e7 Rd2 45. e8=Q Bf7+
46. Ke7 Bxe8 47. Bb3 Re2+ 48. Kd6 1-0

[Event "AUTO-OPEN-3097"]
[Site "http://www.queenalice.com/game.php?id=1272184"]
[Date "2014.4.11"]
[Round "3"]
[White "ezekiel4a21"]
[Black "pomar"]
[Result "0-1"]
[WhiteElo "2297"]
[BlackElo "2171"]

1. c4 e6 2. Nc3 c5 3. e4 Nc6 4. Nf3 a6 5. d4 cxd4 6. Nxd4 Qb6 7. Nb3 Bb4 8. Be3
Qc7 9. Rc1 Nf6 10. Bd3 Ne5 11. Qe2 Nxd3+ 12. Qxd3 Qe5 13. f3 O-O 14. O-O Bxc3
15. Rxc3 b5 16. cxb5 axb5 17. Bc5 Re8 18. Bd6 Qh5 19. Rfc1 Bb7 20. a3 Rec8 21.
Rxc8+ Bxc8 22. Qd2 Ne8 23. Bg3 d5 24. Rc5 Nf6 25. Rxb5 Qg6 26. Ra5 Rxa5 27. Qxa5
Bd7 28. Qd8+ Be8 29. Be5 dxe4 30. Bxf6 gxf6 31. Qxe8+ Kg7 32. Qb8 e5 33. fxe4
Qxe4 34. Qb4 Qb1+ 35. Kf2 Qxb2+ 36. Nd2 Qa2 37. a4 f5 38. a5 e4 39. Ke2 Qe6 40.
Qb2+ f6 41. Qb7+ Kg6 42. a6 e3 43. Nf3 f4 44. Nh4+ Kh6 45. a7 Qa2+ 46. Kf3 Qf2+
47. Kg4 Qe2+ 48. Kxf4 Qf2+ 0-1

[Event "AUTO-OPEN-3097"]
[Site "http://www.queenalice.com/game.php?id=1272187"]
[Date "2014.4.11"]
[Round "3"]
[White "goldenboy"]
[Black "ezekiel4a21"]
[Result "0-1"]
[WhiteElo "2047"]
[BlackElo "2303"]

1. d4 Nf6 2. c4 c5 3. Nf3 g6 4. Bg5 Bg7 5. Nc3 cxd4 6. Nxd4 O-O 7. Qd2 d5 8.
Bxf6 Bxf6 9. Nxd5 Bg7 10. e3 Nd7 11. Be2 e6 12. Nc3 Nc5 13. b4 e5 14. Nf3 e4 15.
bxc5 exf3 16. Bxf3 Qe7 17. O-O Qxc5 18. Ne4 Qc7 19. Rac1 Be5 20. g3 Bf5 21. Nc3
Rad8 22. Nd5 Qc5 23. e4 Be6 24. Bg2 b6 25. Kh1 Bd4 26. f4 Be3 27. Qxe3 Rxd5 28.
Qf2 Rd4 29. f5 Bxc4 30. Rfe1 Qe5 31. fxg6 hxg6 32. Qf4 Qxf4 33. gxf4 Bxa2 34.
Ra1 Rd2 0-1

[Event "AUTO-OPEN-3097"]
[Site "http://www.queenalice.com/game.php?id=1272188"]
[Date "2014.4.11"]
[Round "3"]
[White "ezekiel4a21"]
[Black "goldenboy"]
[Result "1-0"]
[WhiteElo "2266"]
[BlackElo "2033"]

1. e4 e5 2. Nf3 Nc6 3. Bb5 Bc5 4. Nc3 d6 5. h3 Bd7 6. O-O Nge7 7. a3 a6 8. Bc4
b5 9. Bd5 Nxd5 10. Nxd5 Be6 11. b4 Ba7 12. Bb2 Bxd5 13. exd5 Ne7 14. d4 e4 15.
Ng5 Nxd5 16. Nxe4 O-O 17. Qf3 f5 18. Nd2 c6 19. c4 bxc4 20. Nxc4 Qf6 21. Rac1
Rad8 22. Na5 Ne7 23. Nxc6 Nxc6 24. Qxc6 Bxd4 25. Qd5+ Kh8 26. Bxd4 Qg6 27. Rc7
Rg8 28. Re1 Rde8 29. Rxe8 Qxe8 30. Qb7 Qg6 31. Rxg7 Qxg7 32. Bxg7+ Rxg7 33. Qb8+
1-0

[Event "AUTO-OPEN-3097"]
[Site "http://www.queenalice.com/game.php?id=1272189"]
[Date "2014.4.11"]
[Round "3"]
[White "niclep"]
[Black "ezekiel4a21"]
[Result "0-1"]
[WhiteElo "2131"]
[BlackElo "2289"]

1. e4 c5 2. Bc4 e6 3. e5 Nc6 4. Nf3 Qc7 5. Qe2 d5 6. Bb5 Bd7 7. Bxc6 Bxc6 8. c3
Ne7 9. d4 cxd4 10. cxd4 Nf5 11. a3 Qb6 12. Qd1 Be7 13. O-O h6 14. b4 Bb5 15. Re1
O-O 16. Nc3 Bc4 17. Ne2 a5 18. bxa5 Qxa5 19. Bd2 Qa6 20. a4 Bd3 21. Nc3 Qc4 22.
Nb5 Bc2 23. Qc1 Rxa4 24. Rxa4 Qxa4 25. Nc3 Qb3 26. Re2 Ba3 27. Qe1 Bb2 28. g4
Ra8 29. Qf1 Bxc3 30. Bxc3 Qxc3 31. gxf5 Qxf3 32. Rxc2 Qg4+ 33. Kh1 Qe4+ 0-1

[Event "AUTO-OPEN-3097"]
[Site "http://www.queenalice.com/game.php?id=1272190"]
[Date "2014.4.11"]
[Round "3"]
[White "ezekiel4a21"]
[Black "niclep"]
[Result "1-0"]
[WhiteElo "2296"]
[BlackElo "2124"]

1. d4 d5 2. Nf3 h6 3. g3 Nf6 4. Bg2 Bf5 5. O-O Qd7 6. b3 Bh3 7. Ne5 Qf5 8. Qd3
Qxd3 9. Nxd3 Bxg2 10. Kxg2 e6 11. Bb2 b5 12. Rc1 Bd6 13. c4 bxc4 14. bxc4 O-O
15. cxd5 exd5 16. Ba3 Bxa3 17. Nxa3 c6 18. Rab1 Re8 19. e3 Re6 20. Rb7 a5 21.
Ne5 Rd6 22. Nb5 Ne8 23. Nxd6 Nxd6 24. Rc7 f6 25. Nxc6 Na6 26. Rd7 Nf7 27. Rxd5
a4 28. Ra5 Nc7 29. Rxa8+ Nxa8 30. Ne7+ Kh7 31. Nd5 Nd6 32. Rc5 Nb7 33. Rc8 1-0